German Words for Numbers (10-20) - Statistics

General Stats
  • This quiz has been taken 52 times
  • The average score is 9 of 11
Answer Stats
# English Answer % Correct
11 Eleven Elf
100%
10 Ten Zehn
97%
12 Twelve Zwölf
94%
18 Eighteen Achtzehn
81%
15 Fifteen Fünfzehn
81%
14 Fourteen Vierzehn
81%
13 Thirteen Dreizehn
78%
19 Nineteen Neunzehn
78%
16 Sixteen Sechzehn
78%
20 Twenty Zwanzig
75%
17 Seventeen Siebzehn
72%
No matching quizzes found
Score Distribution
Percent of People with Each Score
Percentile by Number Answered
Your Score History
You have not taken this quiz